000 00554nam a2200205 a 4500
999 _c6646
_d6646
001 6646
003 BD-JhCC
005 20180401121515.0
008 180127s b |||| || | 000 0 eng d
035 _a(BD-JhCC)6646
040 _aBD-JhCC
_dBD-JhCC
041 _aeng
082 _a297.1227
_bNUR
245 _aনূরানী হামায়েল শরীফ /
260 _aঢাকা :
_bএমদাদিয়া লাইব্রেরী,
300 _a729 p. :
_c15 cm.
650 _aAl-Quran
942 _2ddc
_cBK